|
|
|
|
| LEADER |
00000cab a2200000 a 4500 |
| 001 |
vtls001510394 |
| 003 |
SK-MaSNL |
| 005 |
20260426100647.0 |
| 008 |
050227c2001 xo hr 0 0b0ger |
| 035 |
|
|
|a SPKCL12721
|
| 040 |
|
|
|a SPKCL
|b slo
|c SNKBUCL
|d SPK(DP)
|e AACR2
|
| 041 |
0 |
|
|a ger
|
| 044 |
|
|
|a xo
|c SK
|
| 080 |
|
|
|a 331.543:37
|2 1981
|
| 100 |
1 |
|
|a Evéquoz, Grégoire
|4 aut
|9 1570880
|
| 245 |
1 |
0 |
|a Berufs- und Stellenbeschreibungen: Problematiken und Perspektiven
|c Grégoire Evéquoz
|
| 520 |
|
|
|a Autor charakterizuje obsah pojmov popis povolania a pracovného miesta. Vysvetľuje ich význam a ich použitie vo vzdelávaní v Švajčiarsku.
|
| 650 |
0 |
7 |
|a profesie
|2 SNKPH
|9 2345
|
| 650 |
0 |
7 |
|a práca
|2 SNKPH
|9 2337
|
| 650 |
0 |
7 |
|a Popis práce
|2 SNKPH
|9 1570881
|
| 650 |
0 |
7 |
|a profesijný profil
|2 SNKPH
|9 1306534
|
| 650 |
0 |
7 |
|a vzdelávanie
|2 SNKPH
|9 4033
|
| 651 |
|
7 |
|a Švajčiarsko
|2 SNKPH
|9 20143
|
| 655 |
|
7 |
|a články
|2 SNKPH
|9 70601
|
| 773 |
1 |
|
|t Panorama, č. 3 s. 22-23
|
| 850 |
|
|
|a Slovenská pedagogická knižnica Bratislava
|
| 852 |
|
|
|a SPKCL
|b KIS3GCP
|b 000710000
|n SK
|
| 999 |
|
|
|c 3203549
|d 3205479
|